| 000 -LEADER |
| fixed length control field |
00783cam a2200205 i 4500 |
| 003 - CONTROL NUMBER IDENTIFIER |
| control field |
OSt |
| 005 - DATE AND TIME OF LATEST TRANSACTION |
| control field |
20200313050554.0 |
| 008 - FIXED-LENGTH DATA ELEMENTS--GENERAL INFORMATION |
| fixed length control field |
171017s2018 ii a b 001 0 eng d |
| 010 ## - LIBRARY OF CONGRESS CONTROL NUMBER |
| LC control number |
2017350320 |
| 020 ## - INTERNATIONAL STANDARD BOOK NUMBER |
| International Standard Book Number |
9789386223999 |
| Qualifying information |
(hardback) |
| 035 ## - SYSTEM CONTROL NUMBER |
| System control number |
(OCoLC)1020771087 |
| 082 04 - DEWEY DECIMAL CLASSIFICATION NUMBER |
| Classification number |
294.5513 |
| Edition number |
23 |
| Item number |
PAL |
| 100 1# - MAIN ENTRY--PERSONAL NAME |
| Personal name |
Paul, John Mohammad, |
| Dates associated with a name |
1983- |
| Relator term |
author. |
| 245 10 - TITLE STATEMENT |
| Title |
Shaivism in ancient Kashmir : |
| Remainder of title |
a historical and cultural study / |
| Statement of responsibility, etc |
John Mohammed Paul. |
| 300 ## - PHYSICAL DESCRIPTION |
| Extent |
xii, 168 pages : |
| Other physical details |
illustrations (black and white, and colour) ; |
| Dimensions |
28 cm |
| 504 ## - BIBLIOGRAPHY, ETC. NOTE |
| Bibliography, etc |
Includes bibliographical references (pages 133-136) and index. |
| 650 #0 - SUBJECT ADDED ENTRY--TOPICAL TERM |
| Topical term or geographic name as entry element |
Kashmir Saivism |
| Geographic subdivision |
India |
| -- |
Jammu and Kashmir |
| General subdivision |
History |
| Chronological subdivision |
To 1500. |
| 650 #0 - SUBJECT ADDED ENTRY--TOPICAL TERM |
| Topical term or geographic name as entry element |
Kashmir Saivism |
| General subdivision |
Social aspects |
| Geographic subdivision |
India |
| -- |
Jammu and Kashmir. |
| 942 ## - ADDED ENTRY ELEMENTS (KOHA) |
| Source of classification or shelving scheme |
|